|
|
|
|
| LEADER |
00000nab a2200000 a 4500 |
| 001 |
vtls000286872 |
| 003 |
SK-MaSNL |
| 005 |
20260304075110.0 |
| 008 |
250423c1987 xo 0 slo |
| 015 |
|
|
|a SNBRB19rr/mm-uuuuu
|
| 035 |
|
|
|a CL0296990
|
| 035 |
|
|
|a urn:nbn:sk:snk-ab1cm3
|
| 035 |
|
|
|a (urnnbn)urn:nbn:sk:snk:ar-0020ag
|
| 035 |
|
|
|a (uuid)c20ad422-f65e-4dc2-95e3-bbefccdadbdd
|
| 040 |
|
|
|a SNKBUCL
|b slo
|c SNKBUCL
|e AACR2
|
| 041 |
0 |
|
|a slo
|
| 044 |
|
|
|a xo
|c SK
|
| 080 |
|
|
|a 792.2
|2 1981
|
| 100 |
1 |
|
|a Jarábek, Mikuláš,
|d 1943-
|4 aut
|9 170386
|
| 245 |
1 |
0 |
|a Bez svätožiare
|c Mikuláš Jarábek
|
| 300 |
|
|
|b Obr. 2.
|
| 500 |
|
|
|a Réžia Juraj Nvota. Scéna Jozef Ciller
|
| 600 |
1 |
7 |
|a Schwajda, György,
|d 1943-
|t Svätá rodina
|2 snkbucl
|9 837219
|
| 610 |
2 |
7 |
|a Divadlo Slovenského národného povstania
|2 snkbucl
|9 232430
|
| 650 |
0 |
7 |
|a činohry
|2 snkbucl
|9 3325
|
| 650 |
0 |
7 |
|a divadelné inscenácie
|2 snkbucl
|9 3326
|
| 655 |
|
7 |
|a recenzie
|2 snkbucl
|9 21907
|
| 655 |
|
7 |
|a články z novín a časopisov
|2 snkbucl
|9 267496
|
| 773 |
0 |
|
|t Film a divadlo
|g Roč. 31, č. 17 (1987), s. 11
|
| 850 |
|
|
|a Slovenská národná knižnica
|
| 852 |
|
|
|a Slovenská národná knižnica
|
| 954 |
|
|
|a odborná, vedecká literatúra pôvodná (slovenská)
|2 lita
|
| 958 |
|
|
|a article27
|
| 958 |
|
|
|a OND
|
| 958 |
|
|
|a EUIPO
|
| 992 |
|
|
|a RBX
|
| 999 |
|
|
|c 2779607
|d 2781537
|